LEADER 01280nam a2200277 i 4500 001 000000225496 003 CaOOAMICUS 005 20251201160728.0 008 131209s2013 it 000 u mul r 040 $aSeMil$bita 245 00$aLettere di Achille Ratti :$b1880-1992 : quarto volume /$ca cura di Franco Cajani ; presentazione di Bruno Maria Bosatra. 264 1$aDesio :$bCISD Pio 11.,$c2013. 300 $a2 v. :$bill. ;$c24 cm. 650 4$aPio XI - Lettere e carteggi.$0(OLS)http://semarc/subject/2517 700 1 $aCajani, Franco,$d<1943- >.$0(OLS)http://semarc/name/7141 700 1 $aBosatra, Bruno Maria,$c.$0(OLS)http://semarc/name/20024 700 0 $aPius XI,$c.$0(OLS)http://semarc/name/3465 774 0 $tVol. 1.$dDesio : CISD Pio 11., 2013.$kQuaderni della Brianza$w()365530 774 0 $tVol. 2.$dDesio : CISD Pio 11., 2013.$kQuaderni della Brianza$w()365532 900 1 $aRatti, Achille,$d<1857-1939>. 900 0 $aPio XI$c. 996 $6245$aLettere di Achille Ratti :$b1880-1992 : quarto volume$9(OLS)http://semarc/title/323017 996 $6264$aDesio :$bCISD Pio 11.$9(OLS)http://semarc/publisher/44513 LEADER 00951nam a2200253 i 4500 001 000000114999 003 CaOOAMICUS 005 20070510000000.0 008 070510s1998 it u000 u ita u 013 $a87687 020 $a88-384-4182-0 040 $aSeMil$bita 100 1 $aSilvera, Miro.$0(OLS)http://semarc/name/46882 245 12$aI giardini dell'Eden /$cMiro Silvera. 260 $aCasale Monferrato (AL) :$bPiemme,$c1998. 300 $a192 p. ;$c22 cm. 500 $aIn preliminari : Dedica autografa dell'Autore. - Fondo Card. C.M. Martini. 850 $aSeMil 852 $aSeMil$W1$xVenegono$y1$m1D II 26$j70537$B70537$CSeMilBibl$Z2$F83767 $81 941 1 $a4 961 $aOmaggio: Martini Card. Carlo Maria 996 $6020$a88-384-4182-0$9(OLS)http://semarc/number/98571 996 $6245$aI giardini dell'Eden$9(OLS)http://semarc/title/168269 996 $6260$aCasale Monferrato (AL) :$bPiemme$9(OLS)http://semarc/publisher/30052